| 000 | 01184nam a22002537a 4500 | ||
|---|---|---|---|
| 005 | 20100315102214.0 | ||
| 008 | 100315t xxu||||| |||| 00| 0 hin d | ||
| 010 | _aHIN-89134 | ||
| 020 |
_a9788173093883 _c125.00 |
||
| 035 | _aHN-61480 | ||
| 037 | _bDBAD / PUB | ||
| 040 |
_aDPL _bHN |
||
| 082 | _a824 | ||
| 100 |
_aविजय बहादुर सिंह _916685 |
||
| 245 |
_aआओ, विचारें आज मिलकर / _cविजय बहादुर सिंह |
||
| 246 |
_aAao Vicharen Aaj Milkar/ _bby Vijay Bahadur Singh |
||
| 260 |
_aनई दिल्ली _bसस्ता साहित्य मण्डल _c2009 |
||
| 270 |
_aएन-77, पहली मंजिल, कनॉट सर्कस _bनई दिल्ली _e110001 _k23310505, 41523565 _mmanager@sastasahityamandal.org. |
||
| 300 |
_a99पृ _c22सेमी (सजिल्द) |
||
| 650 |
_aहिन्दी निबंध _916686 |
||
| 650 |
_aHindi essay _916687 |
||
| 942 |
_2ddc _cHN _mविजय |
||
| 999 |
_c34667 _d34667 |
||